000 00639nam a22002177a 4500
003 BUBTL
008 211124b ||||| |||| 00| 0 eng d
020 _a9789332568730
082 _a658.42/ H7422e/ 2016
100 _91493
_aHolt, David H.
245 _aEntrepreneurship :
_bNew Venture Creation /
_cDavid H. Holt
250 _a1st Edn.
260 _aIndia,
_bPearson,
_cc2016
300 _axix, 600 p.:
_c23 cm.
500 _aIncludes Index
505 _aEntrepreneurship, David H. Holt, Management
650 0 _939
_aManagement
856 _k0
_l0
_yDownload
942 _2ddc
_cBK
999 _c6580
_d6580